Music Quiz

Random Music or Artist Quiz

Billboard No. 1 'love' songs (1960's) Quiz Stats

 Plays Quiz not verified by Sporcle

Challenge
Share
Tweet
Embed
Score 0/26 Timer 10:00
0 Plays Today
Artist Title % Correct
The BeatlesLove Me Do
77.6%
Percy SledgeWhen a Man Loves a Woman
64.9%
The BeatlesShe Loves You
61.9%
The SupremesBaby Love
59.3%
The BeatlesAll You Need Is Love
57.2%
LuluTo Sir With Love
53.2%
The SupremesStop! In the Name of Love
50.4%
Diana Ross & The SupremesLove Child
46.3%
Peter and GordonA World Without Love
39%
The BeatlesCan't Buy Me Love
36.5%
The SupremesWhere Did Our Love Go
35.7%
The Dixie CupsChapel of Love
32.4%
The ShirellesWill You Love Me Tomorrow
32.3%
Artist Title % Correct
The DoorsHello, I Love You
31.2%
Paul MauriatLove Is Blue
30%
The SupremesYou Can't Hurry Love
27.7%
Dean MartinEverybody Loves Somebody
26.2%
Wayne Fontana & the MindbendersGame of Love
24.7%
Herman's HermitsMrs. Brown, You've Got a Lovely Daughter
23%
Herb AlpertThis Guy's In Love With You
21.5%
Petula ClarkMy Love
20.9%
Henry ManciniLove Theme from Romeo and Juliet
13.8%
The TymesSo Much in Love
12.4%
The SupremesLove Is Here and Now You're Gone
10.6%
Bobby VintonRoses Are Red (My Love)
9.6%
Connie FrancisDon't Break the Heart That Loves You
4%

You're not logged in!

Compare scores with friends on all Sporcle quizzes.
Join for Free
OR
Log In

You Might Also Like...

Show Comments

Extras

Top Quizzes Today


Score Distribution

Your Account Isn't Verified!

In order to create a playlist on Sporcle, you need to verify the email address you used during registration. Go to your Sporcle Settings to finish the process.

Report this User

Report this user for behavior that violates our Community Guidelines.

Details: